|
|
|
|
| LEADER |
00000cam a22000004a 4500 |
| 001 |
musev2_48867 |
| 003 |
MdBmJHUP |
| 005 |
20230905045058.0 |
| 006 |
m o d |
| 007 |
cr||||||||nn|n |
| 008 |
161116s2016 cou o 00 0 eng d |
| 020 |
|
|
|a 9781607325185
|
| 020 |
|
|
|z 9781646420049
|
| 020 |
|
|
|z 9781607325178
|
| 035 |
|
|
|a (OCoLC)962752142
|
| 040 |
|
|
|a MdBmJHUP
|c MdBmJHUP
|
| 100 |
1 |
|
|a Baron, Joanne,
|e author.
|
| 245 |
1 |
0 |
|a Patron Gods and Patron Lords :
|b The Semiotics of Classic Maya Community Cults /
|c Joanne P. Baron.
|
| 264 |
|
1 |
|a Boulder :
|b University Press of Colorado,
|c [2016]
|
| 264 |
|
3 |
|a Baltimore, Md. :
|b Project MUSE,
|c 2017
|
| 264 |
|
4 |
|c ©[2016]
|
| 300 |
|
|
|a 1 online resource (208 pages).
|
| 336 |
|
|
|a text
|b txt
|2 rdacontent
|
| 337 |
|
|
|a computer
|b c
|2 rdamedia
|
| 338 |
|
|
|a online resource
|b cr
|2 rdacarrier
|
| 505 |
0 |
|
|a List of Figures; List of Tables; Acknowledgments; 1. The Classic Maya and Their Political System; 2. Words and Things: Semiotics and the Archaeological Record; 3. Semantics: Defining Patron Deities; 4. Pragmatics: Using Patron Deities; 5. Patron Deity Introduction at La Corona, Guatemala; 6. The Classic Maya Polity; Appendix: Patron Deities of Classic Maya Sites; References Cited; Index.
|
| 520 |
|
|
|a "Baron demonstrates the central importance of patron deity cults in political relationships between both rulers and their subjects and different Maya kingdoms. Weaving together evidence from inscriptions, images, and artifacts"--Provided by publisher.
|
| 588 |
|
|
|a Description based on print version record.
|
| 650 |
|
7 |
|a Semiotics
|x Religious aspects.
|2 fast
|0 (OCoLC)fst01112358
|
| 650 |
|
7 |
|a Mayas
|x Religion.
|2 fast
|0 (OCoLC)fst01012826
|
| 650 |
|
7 |
|a Mayas
|x Politics and government.
|2 fast
|0 (OCoLC)fst01012822
|
| 650 |
|
7 |
|a SOCIAL SCIENCE
|x General.
|2 bisacsh
|
| 650 |
|
7 |
|a HISTORY
|z Latin America
|z Mexico.
|2 bisacsh
|
| 650 |
|
6 |
|a Mayas
|z Guatemala
|x Religion.
|
| 650 |
|
6 |
|a Mayas
|x Mythologie.
|
| 650 |
|
6 |
|a Mayas
|x Religion.
|
| 650 |
|
0 |
|a Semiotics
|x Religious aspects.
|
| 650 |
|
0 |
|a Mayas
|z Guatemala
|x Religion.
|
| 650 |
|
0 |
|a Mayas
|z Guatemala
|x Politics and government.
|
| 650 |
|
0 |
|a Mayas
|x Politics and government.
|
| 650 |
|
0 |
|a Mayas
|x Mythology.
|
| 650 |
|
0 |
|a Mayas
|x Religion.
|
| 651 |
|
7 |
|a Guatemala.
|2 fast
|0 (OCoLC)fst01205154
|
| 655 |
|
0 |
|a Electronic book.
|
| 655 |
|
7 |
|a Electronic books.
|2 local
|
| 710 |
2 |
|
|a Project Muse.
|e distributor
|
| 830 |
|
0 |
|a Book collections on Project MUSE.
|
| 856 |
4 |
0 |
|z Texto completo
|u https://projectmuse.uam.elogim.com/book/48867/
|
| 945 |
|
|
|a Project MUSE - Custom Collection
|
| 945 |
|
|
|a Project MUSE - 2017 Complete
|
| 945 |
|
|
|a Project MUSE - 2017 Archaeology and Anthropology
|